Statistics for Maisie Peters - Details

Click here to take the quiz!

General Stats

  • This quiz has been taken 36 times
  • The average score is 296 of 319

Answer Stats

Answer% Correct
a
100%
and
100%
And
100%
details)
100%
details,
100%
(Details,
100%
details
100%
I
100%
"I
100%
it
100%
it,
100%
just
100%
Just
100%
me
100%
the
100%
about
95%
But
95%
'Cause
95%
do
95%
don't,
95%
Don't
95%
don't
95%
from
95%
go
95%
hear
95%
her
95%
if
95%
If
95%
Know
95%
know
95%
know,
95%
met
95%
New
95%
on
95%
Or
95%
she
95%
she's
95%
So
95%
so
95%
spare
95%
talk
95%
that
95%
Then
95%
then
95%
to
95%
wanna
95%
we
95%
what
95%
What
95%
where
95%
Years
95%
you
95%
you'll
95%
all
90%
along
90%
anybody
90%
else
90%
get
90%
I'll
90%
keep
90%
let's
90%
mean
90%
myself
90%
night
90%
no
90%
not
90%
see
90%
selfish
90%
that's
90%
this
90%
want
90%
with
90%
won't
90%
won't,
90%
wrong
90%
be
86%
been
86%
December
86%
either
86%
feeling
86%
Friday
86%
gone
86%
Have
86%
have
86%
I'm
86%
in
86%
meet
86%
of
86%
Pretend
86%
remember"
86%
something
86%
think
86%
why
86%
Yeah,
86%
you've
86%
asking
81%
Both
81%
cigarettes
81%
drunk
81%
ignore
81%
I've
81%
little
81%
made
81%
nice
81%
One,
81%
one
81%
pull
81%
really
81%
Say
81%
she'll
81%
since
81%
smokes
81%
time
81%
two,
81%
you're
81%
always
76%
around
76%
being
76%
bitter
76%
kind
76%
off
76%
over
76%
sudden,
76%
three
76%
up
76%
we'd
76%
dance
71%
jealous
71%
late
71%
mixtape
71%
park
71%
care
67%
Until
67%
Look,
57%

Score Distribution

Percentile by Number Answered

Percent of People with Each Score

Your Score History

You have not taken this quiz